000 00774nam a2200229 i 4500
001 139232
003 ES-MaACL
005 20250727022521.0
007 t|
008 070214s1958 sp r ||||1| spa d
100 1 _aSciacca, Michele Federico.
_9104923
245 1 3 _aEl hombre, este desequilibrado /
_cMichele Federico Sciacca ; [versión directa del italiano por Juan J. Ruiz Cuevas].
250 _a1ª ed.
260 _aBarcelona :
_bLuis Miracle,
_c1958.
300 _a344 p. ;
_c22 cm.
490 1 _aBiblioteca filosófica ;
_v1
650 7 _aAntropología filosófica
_2embne
_99891
700 1 _aRuiz Cuevas, Juan José.
_9100717
830 0 0 _aBiblioteca filosófica
_v1
_9179275
852 _aES-MaACL
_jC-15075
_bR.42805
999 _c139232
_d139232